Spôsobilosť výrobných zariadení

Problematika merania a vyhodnocovania spôsobilosti výrobných zariadení. Riadenie výroby, technická príprava a plánovanie výroby či kvality. Nedostatky vyskytujúce sa v praxi pri hodnotení výrobných zariadení.

Salvato in:
Dettagli Bibliografici
Autore principale: Bušfyová, Jaroslava
Altri autori: Kasajová, Marta
Natura: Capitolo di libro
Lingua:slovacco
Soggetti:
Tags: Aggiungi Tag
Nessun Tag, puoi essere il primo ad aggiungerne!!

MARC

LEADER 00000naa a2200000 4500
001 0146587
005 20231129133727.5
041 0 |a slo 
044 |a SK 
245 1 0 |a Spôsobilosť výrobných zariadení  |c Jaroslava Bušfyová, Marta Kasajová 
520 |a Problematika merania a vyhodnocovania spôsobilosti výrobných zariadení. Riadenie výroby, technická príprava a plánovanie výroby či kvality. Nedostatky vyskytujúce sa v praxi pri hodnotení výrobných zariadení. 
610 2 0 |a zariadenia výrobné 
610 2 0 |a základňa výrobno-technická 
610 2 0 |a proces výrobný 
610 2 0 |a plánovanie výroby 
610 2 0 |a technológia výroby 
610 2 0 |a riadenie výroby 
610 2 0 |a technika riadenia 
610 2 0 |a kvalita 
100 1 |a Bušfyová, Jaroslava 
700 1 |a Kasajová, Marta